00631nam a22001697a 4500003000900000008004100009040007100050082002300121100001600144245002600160260003400186300002700220505016700247650001900414650001300433650001500446AR-CdUCM190415b ||||| |||| 00| 0 spa d aMUNICIPALIDAD PROVINCIAL DEL CUSCOcBIBLIOTECA MUNICIPAL DEL CUSCO aC / 869.58 /bN56  aNieto, Luis aImagen del recuerdo / aCuzco :bsol y piedra,c1957. a44 páginas ;c25 cm. aContenido : Adiós a José María Eguren -- Presencia de César Vallejo -- Primer silencio a la muerte de Daniel Alomias Robles -- Carta Anaximandro Vega ... aPersonalidades aHistoria aLiteratura